| 000 | 00661nam a22001577a 4500 | ||
|---|---|---|---|
| 003 | OSt | ||
| 005 | 20160317101339.0 | ||
| 008 | 160317b xxu||||| |||| 00| 0 eng d | ||
| 040 | _cRUA | ||
| 082 | _aAGR SOEU 2004 b470 Or.1 | ||
| 100 |
_98053 _aSOEU TEVY; ស៊ឺ ទេវី |
||
| 245 | _aStudy on adaptability of tomato varieties for heat tolerance in dry season; ការសិក្សាពីភាពបន្សាំរបស់ពូជដំណាំប៉េងប៉ោះដែលធននឹងកំដៅក្នុងរដូវប្រាំង | ||
| 260 |
_aPhnom Penh _bRUA _c2004 |
||
| 300 |
_axi;45p. _bill. _c29cm. |
||
| 942 |
_2ddc _cAGR |
||
| 999 |
_c7651 _d7651 |
||